Liam Neeson Movies Quiz Stats

 Plays Quiz Updated Jan 1, 2020

     
Support Sporcle.
Go Orange.
Score 0/83 Timer 11:00
2 Plays Today
Year Movie % Correct
2014Taken 3
86.5%
2012Taken 2
85.9%
2008Taken
84.5%
1993Schindler's List
72.1%
1999Star Wars: Episode I - The Phantom Menace
65.7%
2005The Chronicles of Narnia: The Lion, the Witch and the Wardrobe
64.6%
2012The Dark Knight Rises
58.5%
2008The Chronicles of Narnia: Prince Caspian
55.9%
2005Batman Begins
52.7%
2019Star Wars: Episode IX - The Rise of Skywalker
51.1%
2012Wrath of the Titans
42.8%
2010Clash of the Titans
42.4%
2014The Lego Movie
42.1%
2011The Grey
38.4%
1998Les Misérables
38.1%
2003Love Actually
34.3%
2014Non-Stop
31.6%
2018The Commuter
29.2%
2002Gangs of New York
29%
1995Rob Roy
28.8%
2010The Chronicles of Narnia: The Voyage of the Dawn Treader
28%
2012Battleship
27.3%
1996Michael Collins
26.8%
2010The A-Team
26.2%
2014A Walk Among the Tombstones
25.5%
2015Ted 2
23.7%
2016Silence
22.8%
2016A Monster Calls
22.1%
Year Movie % Correct
2014A Million Ways to Die in the West
21.7%
2019Cold Pursuit
21%
2004Kinsey
20.7%
2015Run All Night
20.2%
2011Unknown
20.1%
1990Darkman
18.8%
2005Kingdom of Heaven
18.6%
2018Widows
18.2%
1994Nell
15.9%
2019Men in Black: International
15.8%
1981Excalibur
15.2%
2002K-19: The Widowmaker
14%
2014The Nut Job
13%
2015Entourage
12.3%
2018The Ballad of Buster Scruggs
11.2%
2017Mark Felt: The Man Who Brought Down the White House
11.1%
2008Ponyo (English Version)
10.7%
1999The Haunting
9.7%
1984The Bounty
9.5%
1986The Mission
9.4%
1988The Dead Pool
9.2%
2019Ordinary Love
8.9%
1989Next of Kin
8.5%
1983Krull
8.4%
2009Chloe
7.8%
2013Third Person
7.4%
2010The Next Three Days
7.1%
2013Khumba
6.7%
Year Movie % Correct
1987Suspect
6.6%
2015A Christmas Star
6.2%
2006Seraphim Falls
6.1%
1992Leap of Faith
6.1%
1993Ethan Frome
5.9%
1996Before and After
5.8%
2008The Other Man
5.8%
1992Husbands and Wives
5.7%
2005Breakfast on Pluto
5.7%
2009After.Life
5.7%
2000Gun Shy
5.6%
1986Lamb
5.2%
1988Satisfaction
5.1%
1988High Spirits
5.1%
2009Five Minutes of Heaven
4.9%
2016Operation Chromite
4.6%
1979Pilgrim's Progress
4.6%
1992Shining Through
4.6%
1988The Good Mother
4.5%
1990The Big Man
4.4%
1987A Prayer for the Dying
4.1%
1991Under Suspicion
4%
1985The Innocent
4%
1979Christiana
3.9%
1993Ruby Cairo
3.8%
1986Duet for One
3.4%
1992Revolver
2.9%

From the Vault

Countries With 'U'

by Escaho

Shhh, no one tell Qatar they spell their name wrong!
Remove Ads.
Support Sporcle.
Get the best of Sporcle when you Go Orange. This ad-free experience offers more features, more stats, and more fun while also helping to support Sporcle. Thank you for becoming a member.

Show Comments

Extras

Top Quizzes Today


Score Distribution

Your Account Isn't Verified!

In order to create a playlist on Sporcle, you need to verify the email address you used during registration. Go to your Sporcle Settings to finish the process.

Report this User

Report this user for behavior that violates our Community Guidelines.

Details: